Effectif des Los Angeles Lakers 2019-20 - Statistiques

Statistiques générales
  • Ce quiz a été pris 255 fois
  • Le résultat moyen est 7 sur 18
Statistiques - réponses
Position Joueur Statistique en finale % Correct
PG LeBron James 29.8 Pts / 11.8 Rb / 8.5 Ast / 1.2 Stl / 0.5 Blk en 39.3 min
100%
PF Anthony Davis 25.0 Pts / 10.7 Rb / 3.2 Ast / 1.3 Stl / 2.0 Blk en 38.2 min
98%
C Dwight Howard 2.8 Pts / 2.8 Rb / 0.7 Ast / 0.2 Stl / 0.3 Blk en 11.8 min
67%
PG Alex Caruso 6.3 Pts / 2.5 Rb / 2.3 Ast / 0.8 Stl / 0.2 Blk en 24.8 min
58%
PF Kyle Kuzma 8.5 Pts / 2.8 Rb / 0.5 Ast / 0.2 Stl / 0.2 Blk en 21.7 min
53%
PG Rajon Rondo 8.7 Pts / 5.2 Rb / 5.5 Ast / 1.0 Stl / 0.0 Blk en 26.0 min
53%
C Javale McGee N'a pas joué en finale
51%
SG Kentavious Caldwell-Pope 12.8 Pts / 2.8 Rb / 2.0 Ast / 1.0 Stl / 0.2 Blk en 31.3 min
50%
SG Danny Green 7.5 Pts / 2.8 Rb / 1.2 Ast / 1.0 Stl / 0.8 Blk en 22.8 min
42%
SG J.R. Smith 1.0 Pts / 0.3 Rb / 0.0 Ast / 0.3 Stl / 0.0 Blk en 3.3 min
27%
PF Markieff Morris 7.5 Pts / 3.3 Rb / 1.2 Ast / 0.0 Stl / 0.0 Blk en 21.3 min
24%
SG Avery Bradley N'a pas joué en finale
21%
SG Talen Horton-Tucker N'a pas joué en finale
21%
PG Quinn Cook 1.5 Pts / 0.0 Rb / 0.0 Ast / 0.0 Stl / 0.0 Blk en 1.5 min
19%
PF Jared Dudley 0.0 Pts / 0.0 Rb / 0.0 Ast / 0.0 Stl / 0.3 Blk en 1.0 min
12%
SG Dion Waiters N'a pas joué en finale
8%
C Devontae Cacok N'a pas joué en finale
5%
PF Kostas Antetokuonmpo N'a pas joué en finale
0%
Aucun quiz correspondant
Distribution des résultats
% des personnes avec chaque résultat
Percentile par nombre de réponses
Votre historique - résultats
Vous n’avez pas pris ce quiz